Quiz Football : Devine les joueurs - Partie difficile 1 - Statistiques

Statistiques générales
  • Ce quiz a été pris 285 fois
  • Le résultat moyen est 7 sur 16
Statistiques - réponses
Par images Réponse % Correct
Sakai
91%
Chadli
62%
Suso
59%
Geoffrey Jourdren
58%
Politano
58%
Nigel De Jong
55%
Youssouf Sabaly
48%
Eduardo Vargas
46%
Caceres
45%
Townsend
44%
Asamoah
38%
Howedes
38%
Knockaert
28%
Trejo
16%
Prince Oniangué
11%
Edgard Lé
6%
Aucun quiz correspondant
Distribution des résultats
% des personnes avec chaque résultat
Percentile par nombre de réponses
Votre historique - résultats
Vous n’avez pas pris ce quiz